000 00250cam a2200121ua 4500
082 _a604.2
_bBHA/EL
100 _aBhatt, N D.
245 _aElementary Engineering Drawing
250 _a6 /
_b.
300 _a ; .
504 _a
999 _c11346
_d11346